000 00468nam a2200181Ia 4500
001 12951
003 GE_BSU
008 181216s||||||||xx |||||||||||||| ||und||
040 _cGE_BSU
245 _aФармация. №7 2014
245 _cГл. ред.И.А.Самылина
260 _aМосква
260 _c2014
300 _a56стр.29см.
653 _aнаучно-практический журнал.
653 _aФармация.
942 _cCR
999 _c46120
_d46120